000 00469nam a22001697a 4500
999 _c259173
_d259172
003 OSt
005 20210129135909.0
008 210129b ||||| |||| 00| 0 eng d
020 _a023027824
040 _cn/a
050 _aHF5668.25
_b. I578 1996
100 _eeditors
245 _aInternal auditing
_c edited by A.D. Chambers, Geoges M. Salim and Gerald Vinten
260 _aLondon
_bPitman Publishing
_c1987
300 _aviii;439p
_bill.
942 _2lcc
_cBK